[Event "16th Vienna Open"]
[Site "Vienna AUT"]
[Date "2009.08.16"]
[Round "2"]
[White "Guliyev,N"]
[Black "Aschenbrenner,R"]
[Result "0-1"]
[WhiteElo "2555"]
[BlackElo "2224"]

1.e4 c5 2.Nf3 e6 3.d4 cxd4 4.Nxd4 Nc6 5.Nc3 Qc7 6.Be2 a6 7.O-O Nf6 8.Be3 Bb4
9.Na4 Be7 10.Nxc6 bxc6 11.Nb6 Rb8 12.Nxc8 Qxc8 13.Bd4 c5 14.Be5 Rb6 15.Qd3 d6
16.Bc3 O-O 17.b3 d5 18.exd5 Nxd5 19.Be5 f6 20.Bg3 Rd8 21.Qf3 Bd6 22.Bc4 Bxg3
23.hxg3 Rbd6 24.Rad1 Nb6 25.Rxd6 Rxd6 26.Be2 c4 27.Qc3 Qc5 28.Re1 Kf7 29.bxc4 Nd5
30.Qb3 Rb6 31.Qd3 Qb4 32.Kf1 Nc3 33.a3 Qxa3 34.Bg4 f5 35.Bxf5 Rd6 36.Qe3 exf5
37.Qe7+ Kg6 38.Re6+ Rxe6 39.Qxa3 Ne4 40.Qa5 Rd6 41.g4 Rf6 42.f3 fxg4 43.Qd5 Ng3+
44.Kf2 gxf3 45.Kxg3 f2 46.Qd3+ Kf7 47.Qf1 Ke7 48.Kh3 Kd6 49.g4 h6 50.Qd3+ Kc7
51.Qf1 a5 52.c5 a4 53.Kg3 a3 54.Kg2 a2 55.c6 g5 56.c4 Kxc6 57.c5 Kc7 58.c6 Rf4
59.Kg3 a1=Q 60.Qxa1 f1=Q 61.Qa7+ Kxc6 62.Qa8+ Kc5 63.Qa7+ Kc4 64.Qa4+ Kc3
65.Qa3+ Kd4 66.Qa7+ Kd3 67.Qa3+ Kd2 68.Qa5+ Ke3 69.Qc5+ Rd4 70.Qe5+ Kd3 71.Qb5+ Rc4
72.Qd5+ Kc2 73.Qf5+ Qxf5 74.gxf5 Rf4  0-1

[Event "BDO Challenger"]
[Site "Haarlem NED"]
[Date "2009.08.17"]
[Round "3"]
[White "Stets,D"]
[Black "De Haan,E"]
[Result "0-1"]
[WhiteElo "2427"]
[BlackElo "2349"]

1.e4 c5 2.Nf3 e6 3.d4 cxd4 4.Nxd4 Nc6 5.Nc3 Qc7 6.Be3 a6 7.Qd2 Nf6 8.O-O-O Be7
9.f3 h5 10.Kb1 b5 11.Nxc6 dxc6 12.Qf2 Rb8 13.Ba7 Rb7 14.Bc5 e5 15.g3 Be6
16.h4 O-O 17.Bh3 Bxh3 18.Rxh3 Bxc5 19.Qxc5 Nd7 20.Qe3 Nb6 21.Qg5 Nc4 22.Qxh5 Qa5
23.Qg5 Nxb2 24.Kxb2 Qb4+ 25.Kc1 Qxc3 26.Rd3 Qa1+ 27.Kd2 Qg1 28.Qg4 c5 29.h5 c4
30.h6 f5 31.h7+ Kh8 32.Qxf5 Rbb8  0-1

[Event "ch-FRA National w"]
[Site "Nimes FRA"]
[Date "2009.08.17"]
[Round "6"]
[White "Leconte,M"]
[Black "Guichard,P"]
[Result "1-0"]
[WhiteElo "2311"]
[BlackElo "2261"]

1.e4 c5 2.Nf3 e6 3.d4 cxd4 4.Nxd4 Nc6 5.Nc3 a6 6.Nxc6 bxc6 7.Bd3 d5 8.O-O Nf6
9.Re1 Be7 10.e5 Nd7 11.Qg4 g6 12.b3 Qa5 13.Bd2 Bb4 14.a3 Bxc3 15.b4 Bxb4
16.axb4 Qc7 17.Ra3 Bb7 18.Qh4 c5 19.bxc5 Nxc5 20.Rc3 Rc8 21.Rb1 Qd7 22.Qf6 Rg8
23.Rxc5 Rxc5 24.Bg5 Rc7 25.Rb6 h6 26.Bxh6 Qd8 27.Qf3 Qh4 28.Bf4 g5 29.Bg3 Qd4
30.Rb1 Qc5 31.h4 g4 32.Qf6 d4 33.h5 Qe7 34.Qf4 Qg5 35.h6 Qxf4 36.Bxf4 Kd7
37.h7 Re8 38.Bg5 Bd5 39.Bf6 Rcc8 40.Bxa6 Ra8 41.Bd3 Rec8 42.Rb4  1-0

[Event "ch-FRA National A"]
[Site "Nimes FRA"]
[Date "2009.08.17"]
[Round "7"]
[White "Vachier Lagrave,M"]
[Black "Sokolov,And1"]
[Result "1/2-1/2"]
[WhiteElo "2703"]
[BlackElo "2570"]

1.e4 c5 2.Nf3 e6 3.d4 cxd4 4.Nxd4 Nc6 5.Nc3 Qc7 6.Be3 Nf6 7.Qd2 a6 8.O-O-O Bb4
9.f3 O-O 10.g4 b5 11.g5 Ne8 12.a3 Be7 13.Nf5 exf5 14.Nd5 Qb7 15.exf5 Nc7
16.f6 Bd8 17.Nb6 Rb8 18.fxg7 Re8 19.Bd3 Ne5 20.Bf5 Qxf3 21.Nxc8 Rxc8 22.Rhf1 Nd3+
23.Qxd3 Qxe3+ 24.Qxe3 Rxe3 25.Rxd7 Bxg5 26.Kb1 Ne6 27.Rxf7 Re8 28.Ra7 Nxg7
29.Bd3 Re1+ 30.Rxe1 Rxe1+ 31.Ka2 Rh1 32.Rxa6 Rxh2 33.Rb6 Kf7 34.Rxb5 Be3
35.a4 Ne6 36.Re5 Bd4 37.Re4 Kf6 38.a5 Rh5 39.b4 Re5 40.Rxe5 Kxe5 41.Bxh7 Nc5
42.bxc5  1/2-1/2

[Event "Baltic Queen"]
[Site "St Petersburg RUS"]
[Date "2009.08.17"]
[Round "6"]
[White "Bodnaruk,A"]
[Black "Cramling,P"]
[Result "1/2-1/2"]
[WhiteElo "2388"]
[BlackElo "2525"]

1.e4 c5 2.Nc3 e6 3.Nge2 Nc6 4.d4 cxd4 5.Nxd4 Qc7 6.Be3 a6 7.Qd2 b5 8.O-O-O Nxd4
9.Bxd4 Ne7 10.f4 Nc6 11.Be3 Bb4 12.e5 Ne7 13.a3 Bxc3 14.Qxc3 Qxc3 15.bxc3 Bb7
16.a4 Nd5 17.Bd2 Bc6 18.a5 O-O 19.Rg1 f6 20.c4 bxc4 21.Bxc4 fxe5 22.fxe5 Rfc8
23.Kb2 Rab8+ 24.Ka3 Nc7 25.Bb4 Bd5 26.Bd3 Nb5+ 27.Bxb5 Rxb5 28.c3 Rc4 29.Rgf1 Rbxb4
30.cxb4 Rc3+ 31.Kb2 Rb3+ 32.Kc2 Rxb4 33.Rd2 Ra4 34.Rdf2 h6 35.Rf7 Rxa5 36.Rxd7 Bc6
37.Rd6 Ba4+ 38.Kc3 Rxe5 39.Rxa6 Bb5 40.Ra8+ Kh7 41.Rf2 Bc6 42.Rc8 Bd5  1/2-1/2

[Event "24th ICT Acropolis"]
[Site "Chalkida GRE"]
[Date "2009.08.18"]
[Round "9"]
[White "Yilmaz,M"]
[Black "Aroshidze,L"]
[Result "1/2-1/2"]
[WhiteElo "2432"]
[BlackElo "2537"]

1.e4 c5 2.Nf3 e6 3.d4 cxd4 4.Nxd4 Nc6 5.Nc3 Qc7 6.g3 a6 7.Bg2 Nf6 8.O-O d6
9.Re1 Nd7 10.b3 Be7 11.Bb2 O-O 12.Nce2 Re8 13.Qd2 Bf8 14.c4 Nxd4 15.Nxd4 Rb8
16.a4 Ne5 17.Rec1 Bd7 18.a5 Rec8 19.h3 Be8 20.Kh2 Nd7 21.Bc3 Nc5 22.Rab1 e5
23.Nf5 b6 24.axb6 Qxb6 25.b4 Nd7 26.Ba1 g6 27.Ne3 Bh6 28.Qd3 Bxe3 29.fxe3 Rc6
30.Bf3 Rbc8 31.Rc3 Qc7 32.Rbc1 a5 33.b5 Nc5 34.Qd1 Rb6 35.Bb2 Qb7 36.Ba3 Bd7
37.Bxc5 Rxc5 38.Qa4 Qa8 39.Be2 Qxe4 40.Qxa5 Rb8 41.Qa7 Ra8 42.Qxd7 Ra2 43.Qg4 Qxg4
44.hxg4 Rxe2+ 45.Kg1 Rb2 46.e4 h6 47.Rd1 Rbxb5 48.Rxd6 Rb4 49.Rd5 Rcxc4 50.Rxc4 Rxc4
51.Rxe5 f6 52.Re7 Kf8 53.Rh7 Rxe4 54.Rxh6 Rxg4 55.Kf2 Kg7 56.Rh1 f5 57.Ra1 Kf6
58.Ra8 Rb4 59.Rh8 Kg5 60.Kf3 Rb6 61.Kf2 Kf6 62.Ra8 Rd6 63.Kf3 Rc6 64.Re8 g5
65.Rf8+ Ke5 66.Re8+ Re6 67.Ra8 g4+ 68.Ke3 Kf6+ 69.Kf2 Rc6 70.Rf8+ Ke5 71.Re8+ Re6
72.Ra8 Rc6  1/2-1/2

[Event "ch-FRA National w"]
[Site "Nimes FRA"]
[Date "2009.08.19"]
[Round "8"]
[White "Milliet,S"]
[Black "Guichard,P"]
[Result "1/2-1/2"]
[WhiteElo "2388"]
[BlackElo "2261"]

1.e4 c5 2.Nf3 e6 3.d4 cxd4 4.Nxd4 Nc6 5.Nc3 Qc7 6.Be2 a6 7.O-O Nf6 8.Kh1 Nxd4
9.Qxd4 Bc5 10.Qd3 b5 11.f4 h5 12.e5 Ng4 13.Bf3 Bb7 14.Bxb7 Qxb7 15.Ne4 Rc8
16.a4 b4 17.c4 bxc3 18.bxc3 O-O 19.Ng5 g6 20.Ne4 Rfd8 21.h3 Nh6 22.Ba3 Bxa3
23.Rxa3 Nf5 24.Kh2 Kg7 25.c4 Qc6 26.c5 Rb8 27.Rb1 h4 28.Rab3 Rxb3 29.Rxb3 Qxa4
30.Ra3 Qb4 31.Rxa6 Ng3 32.Nxg3 Qxf4 33.Rd6 Qxe5 34.c6 hxg3+ 35.Qxg3 Qxg3+
36.Kxg3 Kf6 37.c7 Rc8 38.Rxd7 e5 39.Rd6+ Ke7 40.Rc6 Kd7 41.Rf6 Ke7 42.Rc6 Kd7
43.Rf6 Ke8 44.Rc6 Kd7  1/2-1/2

[Event "BDO Premier"]
[Site "Haarlem NED"]
[Date "2009.08.20"]
[Round "6"]
[White "Willemze,J"]
[Black "Nijboer,F"]
[Result "0-1"]
[WhiteElo "2420"]
[BlackElo "2552"]

1.e4 c5 2.Nf3 Nc6 3.d4 cxd4 4.Nxd4 e6 5.Nc3 Qc7 6.g3 d6 7.Bg2 Be7 8.O-O Nf6
9.Ncb5 Qb8 10.c4 Bd7 11.Be3 O-O 12.a4 Rc8 13.b3 Be8 14.Ra2 a6 15.Nc3 Nd7
16.f4 Qc7 17.f5 Qa5 18.Nce2 e5 19.Nc2 Nf6 20.Nc1 h6 21.Kh1 Qc7 22.Ne2 Na5
23.Nb4 b5 24.axb5 axb5 25.Nc3 bxc4 26.Nbd5 Qb7 27.b4 Nb3 28.Rxa8 Rxa8 29.Nxf6+ Bxf6
30.Nd5 Bd8 31.f6 Bc6 32.Bxh6 Bxd5 33.Bxg7 Bxe4 34.Qh5 Bxg2+ 35.Kg1 Bb6+  0-1

[Event "3rd NH Chess Tournament"]
[Site "Amsterdam NED"]
[Date "2009.08.21"]
[Round "2"]
[White "Hou Yifan"]
[Black "Ljubojevic,L"]
[Result "0-1"]
[WhiteElo "2584"]
[BlackElo "2553"]

1.e4 c5 2.Nf3 e6 3.d4 cxd4 4.Nxd4 Nc6 5.Nc3 d6 6.Be3 Nf6 7.Be2 Be7 8.f4 e5
9.Nb3 exf4 10.Bxf4 Be6 11.Qd2 d5 12.O-O-O dxe4 13.Qe3 Qc8 14.g4 O-O 15.g5 Ng4
16.Qg3 e3 17.Bxg4 Bxg4 18.Rdg1 e2 19.Rg2 Bh5 20.Nxe2 Re8 21.Nc3 Qf5 22.Rf2 Rad8
23.Kb1 Qe6 24.Qe3 Qxe3 25.Bxe3 Bb4 26.Bd2 Ne5 27.a3 Bd6 28.h3 Nc4 29.Bf4 Bf8
30.Nd2 Bc5 31.Rfh2 Rd4 32.Nb3 Rxf4 33.Nxc5 Rf5 34.Nd3 Rxg5 35.Rf1 f6 36.b3 Re2
37.Nxe2 Nd2+ 38.Kb2 Nxf1 39.Rf2 Ne3 40.Nc3 Kf7 41.Rd2 Bf3 42.Nf4 Re5 43.a4 a6
44.Rf2 Bc6 45.Nd3 Rh5 46.b4 Rxh3 47.Ne5+ Ke6 48.Nxc6 bxc6 49.a5 f5 50.Kb1 Ke5
51.Na4 f4 52.Nc5 f3 53.Nxa6 Kf4 54.Nc5 Rh1+ 55.Ka2 Nd5 56.Nd3+ Ke3 57.a6 Nc7
58.a7 g5 59.c4 Na8 60.b5 cxb5 61.cxb5 Kxd3 62.Rxf3+ Kc4 63.Rf8 Rh2+ 64.Ka3 Rh3+
65.Ka2 Nb6 66.Rb8 Kb4 67.Rxb6 Ra3+ 68.Kb2 Rxa7 69.Rb8 Rg7 70.Kc2 g4 71.b6 Kb5
72.Kd2 g3 73.b7 Kb6 74.Rc8 Kxb7 75.Rc1 h5 76.Ke2 h4 77.Kf1 h3 78.Kg1 Rc7
79.Rb1+ Kc8 80.Rf1 Rc2 81.Ra1 Kc7 82.Kh1 Kc6 83.Kg1 Kc5 84.Kh1 Kc4 85.Kg1 Kb3
86.Rb1+ Ka2 87.Re1 Kb2  0-1

[Event "9th UIL&UL GM"]
[Site "Dahka BAN"]
[Date "2009.08.21"]
[Round "1"]
[White "Hasan,Me"]
[Black "Hossain,Enam"]
[Result "1/2-1/2"]
[WhiteElo "2236"]
[BlackElo "2531"]

1.e4 c5 2.Nf3 e6 3.d4 cxd4 4.Nxd4 Nc6 5.Nc3 a6 6.Be2 d6 7.Be3 Nf6 8.O-O Be7
9.f4 Bd7 10.Kh1 O-O 11.Qe1 b5 12.a3 Qb8 13.Bf3 Rc8 14.Nb3 b4 15.axb4 Nxb4
16.Qf2 e5 17.f5 d5 18.exd5 e4 19.Nxe4 Rxc2 20.Qg1 Nfxd5 21.f6 Nxf6 22.Nxf6+ Bxf6
23.Bxa8 Qxa8 24.Rf2 h5 25.Nd4 Rc4 26.Rxf6 gxf6 27.Qf1 Bh3 28.Qf2 Qe4 29.Qg3+ Bg4
30.h3 Rxd4 31.Bxd4 Qxd4 32.hxg4 hxg4 33.Re1 Kg7 34.Re8 Nd3  1/2-1/2

[Event "57th ch-HUN w"]
[Site "Eger HUN"]
[Date "2009.08.21"]
[Round "1"]
[White "Rudolf,An"]
[Black "Dudas,E"]
[Result "1-0"]
[WhiteElo "2313"]
[BlackElo "2141"]

1.e4 c5 2.Nf3 e6 3.d4 cxd4 4.Nxd4 Nc6 5.Nc3 Qc7 6.g3 a6 7.Bg2 Nf6 8.O-O Nxd4
9.Qxd4 Bc5 10.Bf4 d6 11.Qd2 h6 12.Rad1 e5 13.Be3 Be6 14.Bxc5 dxc5 15.Qd6 Qxd6
16.Rxd6 Ke7 17.Rb6 Rab8 18.Nd5+ Bxd5 19.exd5 Nd7 20.d6+ Ke6 21.Rxb7 Rxb7
22.Bxb7 Rb8 23.Bxa6 Rxb2 24.Rd1 Rxc2 25.a4 c4 26.a5 c3 27.Bc4+ Kf6 28.a6 Rd2
29.Rxd2 cxd2 30.Bb3 Nc5 31.d7 Nxd7 32.a7 Nb6 33.Kf1 Ke7 34.Ke2 Kd6 35.Bc2 Kd5
36.f3 Kd4 37.Kxd2 Kd5  1-0

[Event "XI Sants Open"]
[Site "Barcelona ESP"]
[Date "2009.08.22"]
[Round "2"]
[White "Martinez Duany,L"]
[Black "Zoldan,M"]
[Result "1/2-1/2"]
[WhiteElo "2507"]
[BlackElo "2190"]

1.e4 c5 2.Nc3 Nc6 3.Nf3 e6 4.d4 cxd4 5.Nxd4 Qc7 6.Be2 a6 7.a3 Nf6 8.O-O Nxd4
9.Qxd4 Bc5 10.Qd3 b5 11.Bf3 Rb8 12.g3 Bd6 13.Bd2 O-O 14.Rad1 Bb7 15.Bg2 Rbc8
16.h3 Qb8 17.f4 Bc5+ 18.Kh2 d5 19.e5 Nd7 20.Be3 Qa7 21.Bxc5 Qxc5 22.Rd2 Nb6
23.Nd1 Rc7 24.f5 Nc4 25.Re2 d4 26.Bxb7 Rxb7 27.Qe4 Rd7 28.f6 g6 29.b4 Qc8
30.Qf4 Kh8 31.Nf2 Rd5 32.Nd3 Ne3 33.Rff2 Rg8 34.Qg5 Qf8 35.Rf4 Nf5 36.Rfe4 h6
37.Qc1 h5 38.Qg5 Kh7 39.g4 Qh6 40.Qxh6+ Nxh6 41.Kg3  1/2-1/2

[Event "XI Sants Open"]
[Site "Barcelona ESP"]
[Date "2009.08.22"]
[Round "2"]
[White "Martinez Duany,L"]
[Black "Zoldan,M"]
[Result "1/2-1/2"]
[WhiteElo "2507"]
[BlackElo "2190"]

1.e4 c5 2.Nc3 Nc6 3.Nf3 e6 4.d4 cxd4 5.Nxd4 Qc7 6.Be2 a6 7.O-O Nf6 8.a3 Nxd4
9.Qxd4 Bc5 10.Qd3 b5 11.Bf3 Rb8 12.g3 Bd6 13.Bd2 O-O 14.Rad1 Bb7 15.Bg2 Rbc8
16.h3 Qb8 17.f4 Bc5+ 18.Kh2 d5 19.e5 Nd7 20.Be3 Qa7 21.Bxc5 Qxc5 22.Rd2 Nb6
23.Nd1 Rc7 24.f5 Nc4 25.Re2 d4 26.Bxb7 Rxb7 27.Qe4 Rd7 28.f6 g6 29.b4 Qc8
30.Qf4 Kh8 31.Nf2 Rd5 32.Nd3 Ne3 33.Rff2 Rg8 34.Qg5 Qf8 35.Rf4 Nf5 36.Rfe4 h6
37.Qc1 h5 38.Qg5 Kh7 39.g4 Qh6 40.Qxh6+ Nxh6 41.Ne1 g5 42.Kg3 Nf5+ 43.Kf2 Nh4
44.Nd3 Kh6 45.Rd2 Ng6 46.gxh5 Kxh5 47.Ke1 Rc8 48.Kd1 Rc3 49.Rg2 Nh4 50.Rgg4 Nf5
51.Kd2 Rxa3 52.h4 Nxh4 53.Rxh4+ gxh4 54.Nf4+ Kg5 55.Nxd5 Kf5 56.Re1 h3 57.Ne7+ Kf4
58.Nc6 h2 59.Nxd4 Rh3 60.Ne2+ Kf3 61.Ng1+ hxg1=Q 62.Rxg1 Ke4 63.Rg7 Kxe5
64.Rxf7 Rf3 65.Ra7 Rxf6 66.Rxa6 Rf2+ 67.Kd3 Kd5 68.Rb6 Rf3+ 69.Ke2 Rc3 70.Kd2 Rh3
71.Rxb5+ Kc4 72.Rb8 Rh2+ 73.Ke3 Rh5 74.Ke4 Rd5 75.Rb6 Rh5 76.Rb8 Rg5 77.Kf3 Kc3
78.b5 Kxc2 79.b6 Rb5 80.b7 Kb3 81.Ke4 Kb4 82.Kd4 Kb3 83.Kd3 Rd5+ 84.Ke4 Rb5  1/2-1/2

[Event "3rd NH Chess Tournament"]
[Site "Amsterdam NED"]
[Date "2009.08.23"]
[Round "4"]
[White "Smeets,J"]
[Black "Ljubojevic,L"]
[Result "1-0"]
[WhiteElo "2632"]
[BlackElo "2553"]

1.e4 c5 2.Nf3 e6 3.d4 cxd4 4.Nxd4 Nc6 5.Nc3 d6 6.Be3 Nf6 7.Qd2 Be7 8.f3 O-O
9.O-O-O d5 10.Be2 dxe4 11.Nxc6 bxc6 12.Qxd8 Bxd8 13.Nxe4 Nxe4 14.fxe4 Bb6
15.Bxb6 axb6 16.a3 Ba6 17.Bxa6 Rxa6 18.Rd6 Ra4 19.Rxc6 Rxe4 20.Rxb6 Re2 21.a4 Rxg2
22.a5 g5 23.a6 Ra8 24.Kb1 g4 25.b4 Rd2 26.b5 Rd7 27.c4 Rc8 28.Rc1 Kg7 29.c5 Rd4
30.c6  1-0

[Event "9th UIL&UL GM"]
[Site "Dahka BAN"]
[Date "2009.08.23"]
[Round "3"]
[White "Grover,S"]
[Black "Sultana,S"]
[Result "1-0"]
[WhiteElo "2310"]
[BlackElo "1974"]

1.e4 c5 2.Nf3 e6 3.d4 cxd4 4.Nxd4 Nc6 5.Nc3 a6 6.Be3 Qc7 7.Bd3 Nf6 8.Nb3 b5
9.O-O h5 10.h3 Be7 11.f4 d6 12.Qf3 Bb7 13.a3 h4 14.Qf2 Rc8 15.Rae1 Nh5 16.Ne2 Ng3
17.Nxg3 hxg3 18.Qf3 Bf6 19.c3 Ke7 20.Rc1 Rcd8 21.Qxg3 Bh4 22.Qg4 Bf6 23.Nd2 Bc8
24.Qe2 Rdg8 25.Nf3 Bd7 26.b4 Qb8 27.c4 bxc4 28.Bxc4 a5 29.b5 Na7 30.e5 dxe5
31.fxe5 Bh4 32.Nxh4  1-0

[Event "9th UIL&UL GM"]
[Site "Dahka BAN"]
[Date "2009.08.23"]
[Round "4"]
[White "Minhazuddin,A"]
[Black "Ahmed,J BAN"]
[Result "1-0"]
[WhiteElo "2391"]
[BlackElo "2138"]

1.e4 c5 2.Nf3 e6 3.d4 cxd4 4.Nxd4 Nc6 5.Nc3 Nf6 6.Ndb5 d6 7.Bf4 e5 8.Bg5 a6
9.Na3 Be6 10.Nc4 Be7 11.Bxf6 gxf6 12.Ne3 b5 13.Ncd5 Bf8 14.Qf3 Bg7 15.c3 O-O
16.h4 Kh8 17.h5 h6 18.Bd3 Rb8 19.O-O a5 20.a3 Rg8 21.b4 Rb7 22.a4 axb4 23.Bxb5 Na7
24.c4 f5 25.exf5 Bxd5 26.Nxd5 e4 27.Qf4 Bf8 28.Rfe1 Rg5 29.Rxe4 Nxb5 30.axb5 Qd7
31.Ra8 Ra7 32.Rxf8+ Kg7 33.Ree8  1-0

[Event "IM"]
[Site "Dieppe FRA"]
[Date "2009.08.23"]
[Round "1"]
[White "Eggleston,D"]
[Black "Bersoult,F"]
[Result "1-0"]
[WhiteElo "2341"]
[BlackElo "2217"]

1.e4 c5 2.Nf3 e6 3.d4 cxd4 4.Nxd4 Nc6 5.Nc3 Qc7 6.Be3 a6 7.Bd3 Nf6 8.O-O Nxd4
9.Bxd4 Bc5 10.Bxc5 Qxc5 11.Qe1 d6 12.Na4 Qc6 13.Qb4 b5 14.Nc3 Qc5 15.Qxc5 dxc5
16.e5 Nd7 17.Rfe1 Ke7 18.b3 Bb7 19.f4 Nb6 20.a4 b4 21.a5 Nd5 22.Ne4 Nxf4
23.Nxc5 Bxg2 24.Bxa6 Bd5 25.Re3 f6 26.Bf1 fxe5 27.Na6 Rxa6 28.Bxa6 Kd6 29.Bf1 Rc8
30.Ra2 g5 31.a6 h5 32.a7 Ra8 33.Ra6+ Kc5 34.Rxe5 g4 35.Bc4 Nh3+ 36.Kf1 Rf8+
37.Ke1 Kd4 38.Bxd5 exd5 39.Rxh5 Nf4 40.Rf5 Rxf5 41.a8=Q Ke3 42.Qa7+ d4 43.Qe7+ Kf3
44.Rf6  1-0

[Event "57th ch-HUN w"]
[Site "Eger HUN"]
[Date "2009.08.23"]
[Round "3"]
[White "Rudolf,An"]
[Black "Toth,Sar"]
[Result "1-0"]
[WhiteElo "2313"]
[BlackElo "2236"]

1.e4 c5 2.Nf3 e6 3.d4 cxd4 4.Nxd4 Nc6 5.Nc3 a6 6.Nxc6 bxc6 7.Bd3 d5 8.O-O Nf6
9.Re1 Be7 10.e5 Nd7 11.Qg4 g6 12.b3 Qa5 13.Bd2 Bb4 14.a3 Bxc3 15.b4 Nxe5
16.Qg3 Qb6 17.Bxc3 Nxd3 18.cxd3 Rg8 19.Bf6 Qb8 20.Be5 Qb7 21.Rac1 Bd7 22.Qg5 Qb6
23.Bf6 h5 24.d4 Qc7 25.f4 Qd6 26.Re3 Bc8 27.f5 Ra7 28.Be5 Qd8 29.f6 Bb7 30.Bg3 Ra8
31.Qf4 g5 32.Rxe6+ fxe6 33.f7+ Kf8 34.fxg8=Q+ Kxg8 35.Qf3 Qe8 36.Qf6 Qf7
37.Qxg5+ Qg7 38.Qe3 Re8 39.Rf1 Bc8 40.Be5 Qg6 41.Rf6 Qg4 42.Qh6  1-0

[Event "57th ch-HUN w"]
[Site "Eger HUN"]
[Date "2009.08.23"]
[Round "3"]
[White "Vajda,S"]
[Black "Papp,P"]
[Result "1/2-1/2"]
[WhiteElo "2375"]
[BlackElo "2159"]

1.e4 c5 2.Nf3 e6 3.d4 cxd4 4.Nxd4 Nc6 5.Nc3 Qc7 6.Be2 a6 7.O-O Nf6 8.Be3 Be7
9.f4 d6 10.Qe1 O-O 11.Qg3 Nxd4 12.Bxd4 b5 13.a3 Bb7 14.Rae1 Rad8 15.Kh1 Rfe8
16.Bd3 Rd7 17.e5 dxe5 18.Bxe5 Qb6 19.f5 exf5 20.Bxf5 Rd2 21.Ne4 Bxe4 22.Bxe4 Bd6
23.Rxf6 Rxe5 24.Qxe5 gxf6 25.Qf5 Qf2 26.Qxf2 Rxf2 27.g3 f5 28.Bd3 f4 29.b4 fxg3
30.hxg3 Bxg3 31.Re8+ Kg7 32.Ra8 h5 33.Rxa6 h4 34.a4 h3 35.axb5 Rh2+ 36.Kg1 Rg2+
37.Kh1 Rh2+ 38.Kg1 Rg2+ 39.Kh1 Rh2+  1/2-1/2

[Event "Champions Rapid"]
[Site "Zuerich SUI"]
[Date "2009.08.23"]
[Round "6"]
[White "Polgar,Ju"]
[Black "Khalifman,A"]
[Result "0-1"]
[WhiteElo "2687"]
[BlackElo "2612"]

1.e4 c5 2.Nf3 e6 3.d4 cxd4 4.Nxd4 Nc6 5.Nc3 d6 6.Be3 Nf6 7.Be2 Be7 8.g4 d5
9.exd5 Nxd5 10.Nxd5 Qxd5 11.Bf3 Qa5+ 12.c3 Bd7 13.Qb3 O-O 14.O-O-O Nxd4 15.Rxd4 Bc6
16.Bxc6 bxc6 17.Qa4 Qc7 18.Qc4 c5 19.Rd2 Rad8 20.Rhd1 Rxd2 21.Rxd2 Qxh2 22.Rd7 Qh4
23.Qf4 h6 24.Qe5 Bg5 25.Bxg5 hxg5 26.Qxc5 Qxg4 27.Qxa7 Qf4+ 28.Qe3 Qa4 29.Ra7 Qb5
30.Qd4 Qf1+ 31.Kc2 Qe2+ 32.Qd2 Qe4+ 33.Qd3 Qf4 34.Qd4 Qf5+ 35.Kc1 e5 36.Qd2 g4
37.Rd7 Kh7 38.a4 Ra8 39.b3 Kg6 40.Kb2 Rh8 41.Ka3 Rh2 42.Qd6+ Kh7 43.a5 Rxf2
44.a6 g3 45.a7 g2 46.a8=Q g1=Q 47.Qd8 Qc1+ 48.Kb4 Qe4+ 49.c4 Rf3 50.Q6f8 Rxb3+  0-1

[Event "6th Open"]
[Site "Kalamaria GRE"]
[Date "2009.08.24"]
[Round "4"]
[White "Jaracz,B"]
[Black "Iotov,V"]
[Result "0-1"]
[WhiteElo "2306"]
[BlackElo "2603"]

1.e4 c5 2.Nf3 e6 3.d4 cxd4 4.Nxd4 Nc6 5.Nc3 Qc7 6.Be3 a6 7.Be2 Nf6 8.O-O Be7
9.f4 d6 10.Qe1 O-O 11.Qg3 Nxd4 12.Bxd4 b5 13.a3 Bb7 14.Kh1 Rad8 15.Bd3 Rd7
16.Rae1 Re8 17.e5 dxe5 18.Bxe5 Qd8 19.Ne4 Nh5 20.Qe3 Qc8 21.f5 exf5 22.Rxf5 Rxd3
23.Qxd3 Qxf5 24.Nf6+ Qxf6 25.Bxf6 Nxf6 26.h3 Kf8 27.Qd4 Rd8 28.Qa7 Rd7 29.Qb8+ Bd8
30.b3 Ne4 31.c4 bxc4 32.bxc4 f6 33.Rb1 Nc5 34.Qf4 Kf7 35.Qg4 g6 36.Rd1 Rxd1+
37.Qxd1 Be7 38.Qd2 h5 39.Qf4 g5 40.Qb8 h4 41.Kg1 Be4 42.g3 hxg3 43.Qxg3 f5
44.Qe5 Nd3 45.Qh8 f4 46.a4 f3 47.Qh5+ Kg7 48.Kf1 Nc5 49.a5 Bd3+ 50.Kf2 Ne4+  0-1

[Event "6th Open"]
[Site "Kalamaria GRE"]
[Date "2009.08.25"]
[Round "5"]
[White "Erdogdu,M"]
[Black "Pavlovic,MilosM"]
[Result "1-0"]
[WhiteElo "2463"]
[BlackElo "2533"]

1.e4 c5 2.Nf3 e6 3.d4 cxd4 4.Nxd4 Nc6 5.Nc3 Qc7 6.Be3 a6 7.Qd2 Nf6 8.O-O-O Bb4
9.f3 O-O 10.a3 Be7 11.g4 b5 12.g5 Nh5 13.Nce2 b4 14.Nxc6 dxc6 15.axb4 Rd8
16.Qc3 Rxd1+ 17.Kxd1 a5 18.b5 Qd7+ 19.Kc1 cxb5 20.Nd4 b4 21.Qc6 Rb8 22.Ba6 Qd8
23.h4 Bxa6 24.Qxa6 Bc5 25.Rd1 g6 26.Rd3 Qc7 27.Kb1 Rc8 28.Nxe6 fxe6 29.Qxe6+ Kh8
30.Rd7  1-0

[Event "9th UIL&UL GM"]
[Site "Dahka BAN"]
[Date "2009.08.26"]
[Round "7"]
[White "Mohammad,J"]
[Black "Ismagambetov,An"]
[Result "1/2-1/2"]
[WhiteElo "2204"]
[BlackElo "2531"]

1.e4 c5 2.Nf3 e6 3.d4 cxd4 4.Nxd4 Nc6 5.Nc3 Qc7 6.Be2 Nf6 7.Be3 Bb4 8.O-O a6
9.Na4 Bd6 10.Nxc6 bxc6 11.Nb6 Rb8 12.Nxc8 Rxc8 13.h3 Nxe4 14.Bxa6 Ra8 15.Bd3 Nf6
16.a4 O-O 17.c4 c5 18.Qd2 Rfb8 19.Ra3 h6 20.Rd1 Ra6 21.b3 Kf8 22.f4 Kg8 23.Bc2 Rd8
24.Qf2 Be7 25.f5 d5 26.fxe6 fxe6 27.cxd5 Nxd5 28.Raa1 Bf6 29.Kh1 Bxa1 30.Rxa1 Qe5
31.Re1 Nxe3 32.Rxe3 Qa1+ 33.Re1 Qd4 34.Qg3 Qf6 35.Qe3 Rd4 36.Bd3 Rad6 37.Bc4 Rd1
38.Rxd1 Rxd1+ 39.Kh2 Kf7 40.Bxe6+ Kf8 41.Qxc5+ Ke8 42.Qe3 Kd8 43.Qb6+ Ke7
44.Qb4+ Rd6 45.Bc4 Qf4+ 46.Kg1 Qe3+ 47.Kh2 Qe5+ 48.Kh1 Kf6 49.Be2 Rc6 50.Qh4+ Kg6
51.Bd3+ Kf7 52.Bc4+ Kg6 53.Bd3+  1/2-1/2

[Event "IM"]
[Site "Dieppe FRA"]
[Date "2009.08.26"]
[Round "6"]
[White "Tirard,H"]
[Black "Bersoult,F"]
[Result "1-0"]
[WhiteElo "2434"]
[BlackElo "2217"]

1.e4 c5 2.Nf3 e6 3.d4 cxd4 4.Nxd4 Nc6 5.Nc3 Qc7 6.Be3 a6 7.Qd2 Nf6 8.O-O-O Be7
9.f3 O-O 10.g4 b5 11.g5 Ne8 12.h4 Ne5 13.h5 Bb4 14.f4 Nc4 15.Bxc4 Qxc4 16.h6 Bxc3
17.bxc3 g6 18.Nb3 d6 19.Bd4 a5 20.Kb1 a4 21.Nc1 Bb7 22.Rhe1 Nc7 23.Bb6 Ne8
24.Qe3 Rc8 25.Ba5 f6 26.Bb4 Rf7 27.Rd4 Qc7 28.f5 e5 29.Rd2 Qe7 30.gxf6 Rxf6
31.Rg1 Kh8 32.Rdg2 Qf7 33.fxg6 hxg6 34.Nd3 Rc4 35.Rg4 Kh7 36.Kb2 Nc7 37.Ne1 Na6
38.a3 Nc5 39.Bxc5 Rxc5 40.R1g3 Rc8 41.Nf3 Kh8 42.Nh4 Rg8 43.h7 Qxh7 44.Rh3 Bc8
45.Qg5  1-0

[Event "XXVI Open A"]
[Site "Collado Villalba ESP"]
[Date "2009.08.27"]
[Round "7"]
[White "Perez Gonzalez,Jo"]
[Black "Barria Zuniga,D"]
[Result "1/2-1/2"]
[WhiteElo "2307"]
[BlackElo "2426"]

1.e4 c5 2.Nf3 e6 3.d4 cxd4 4.Nxd4 Nc6 5.Nc3 Qc7 6.Be3 Nf6 7.f3 Bb4 8.Nb5 Qb8
9.a3 Be7 10.g4 O-O 11.Qd2 a6 12.Nd4 b5 13.Nce2 Bb7 14.Ng3 Rd8 15.g5 Ne8 16.f4 Qc7
17.Bd3 Na5 18.b3 Nc6 19.O-O Rac8 20.Qf2 Nxd4 21.Bxd4 Bc5 22.a4  1/2-1/2

[Event "XXI Festival Open A"]
[Site "Porto San Giorgio ITA"]
[Date "2009.08.27"]
[Round "7"]
[White "Kovchan,A"]
[Black "Gordon,S"]
[Result "1/2-1/2"]
[WhiteElo "2554"]
[BlackElo "2537"]

1.e4 c5 2.Nf3 e6 3.d4 cxd4 4.Nxd4 Nc6 5.Nc3 Qc7 6.Nxc6 bxc6 7.Bd3 Nf6 8.O-O Be7
9.Qe2 d5 10.exd5 exd5 11.Re1 Bg4 12.Qe3 Be6 13.Qf3 O-O 14.h3 Rfe8 15.Bf4 Bd6
16.Ne2 a5 17.Qg3 Bxf4 18.Nxf4 Qb8 19.Rab1 a4 20.Qf3 Qd6 21.a3 Rab8 22.c3 Bd7
23.Rxe8+ Bxe8 24.Qg3 Qd8 25.Qe3 Qd6 26.Qg3 Rd8 27.Rd1 Qe5 28.Ne2 Qxg3 29.Nxg3 Rb8
30.Rd2 c5 31.f3 g6 32.Kf2 Kf8 33.Bb1 Bd7 34.Nf1 Be6 35.h4 Nd7 36.Bd3 d4 37.cxd4 cxd4
38.Ng3 Nc5 39.Bf1 f5 40.Ne2 Rxb2 41.Rxb2 Nd3+ 42.Kg3 Nxb2 43.Nxd4 Bc4 44.Bxc4 Nxc4
45.Nb5 Ke7 46.Kf4 Kf6 47.Nc3  1/2-1/2

[Event "XI Sants Open"]
[Site "Barcelona ESP"]
[Date "2009.08.28"]
[Round "8"]
[White "Larduet Despaigne,C"]
[Black "Pogorelov,R"]
[Result "1/2-1/2"]
[WhiteElo "2339"]
[BlackElo "2441"]

1.e4 c5 2.Nf3 e6 3.d4 cxd4 4.Nxd4 Nc6 5.Nc3 Qc7 6.Be3 a6 7.Qd2 Nf6 8.f3 Bb4
9.O-O-O Ne5 10.Nb3 d5 11.Bd4 O-O 12.a3 Bd6 13.Qf2 b5 14.exd5 exd5 15.Bc5 Be6
16.Bxd6 Qxd6 17.Kb1 b4 18.axb4 Qxb4 19.Qd4 Qb8 20.Qf4 Bc8 21.Nd4  1/2-1/2

[Event "9th UIL&UL GM"]
[Site "Dahka BAN"]
[Date "2009.08.28"]
[Round "9"]
[White "Reefat,S"]
[Black "Hossain,Enam"]
[Result "1-0"]
[WhiteElo "2486"]
[BlackElo "2531"]

1.e4 c5 2.Nf3 e6 3.d4 cxd4 4.Nxd4 Nc6 5.Nc3 Qc7 6.Be3 a6 7.Qd2 Nf6 8.O-O-O Be7
9.f3 h5 10.Kb1 b5 11.Bd3 Ne5 12.h3 h4 13.f4 Nc4 14.Bxc4 Qxc4 15.e5 Nd5 16.Ne4 Bb7
17.f5 Nb4 18.b3 Qc7 19.Nd6+ Bxd6 20.exd6 Qa5 21.c3 Nd5 22.Kb2 Rc8 23.Rc1 O-O
24.Rhg1 b4 25.cxb4 Qxb4 26.Qxb4 Nxb4 27.Rc4 Nd5 28.Rxc8 Rxc8 29.Bd2 e5 30.Nf3 e4
31.Ne5 e3 32.Ba5 Nf6 33.Re1 Bxg2 34.Rxe3 Re8 35.a4 Nd5 36.Re1 Nf6 37.Bc3 Rb8
38.Rg1 Bxh3 39.Nc6 dxc6 40.Bxf6 Bxf5 41.Rxg7+ Kf8 42.Rg5 Bc8 43.d7  1-0

[Event "57th ch-HUN w"]
[Site "Eger HUN"]
[Date "2009.08.28"]
[Round "8"]
[White "Vajda,S"]
[Black "Dudas,E"]
[Result "1/2-1/2"]
[WhiteElo "2375"]
[BlackElo "2141"]

1.e4 c5 2.Nf3 e6 3.d4 cxd4 4.Nxd4 Nc6 5.Nc3 Qc7 6.Be2 a6 7.O-O Nf6 8.Be3 Bb4
9.Na4 Be7 10.Nxc6 bxc6 11.Qd3 c5 12.f4 d6 13.c4 Bb7 14.Nc3 Rd8 15.Bf3 O-O
16.Rad1 Nd7 17.Rf2 Nb8 18.g4 Nc6 19.g5 Nd4 20.Bxd4 cxd4 21.Ne2 e5 22.Rg2 Rc8
23.b3 Rfd8 24.h4 a5 25.h5 a4 26.g6 fxg6 27.hxg6 h6 28.Bg4 Rb8 29.Be6+ Kh8
30.f5 Bc8 31.Bf7 Bd7 32.Kf2 Be8 33.Bd5 Bc6 34.Rh1 Bxd5 35.cxd5 axb3 36.axb3 Qb6
37.Rb1 Bh4+ 38.Kf3 Qb5 39.Qxb5 Rxb5 40.Nc1 Rc8 41.Ra2 Kg8 42.Nd3 Kf8 43.b4 Bg5
44.Rba1 Rb7 45.Ra8  1/2-1/2